Pozitívny vývoj v Bulharsku

Hospodárske a politické zmeny v Bulharsku po r. 1989. Vývoj hrubého domáceho produktu, inflácie a nezamestnanosti. Stabilizácia v hospodárskej a menovej politike. Reformy v procese privatizácie. Rast súkromného sektora (1992 - prvý polrok 1997).

Salvato in:
Dettagli Bibliografici
Autore principale: Guniš, Roman
Natura: Libro
Lingua:slovacco
Soggetti:
Tags: Aggiungi Tag
Nessun Tag, puoi essere il primo ad aggiungerne!!

MARC

LEADER 00000nam a2200000 4500
001 r030227
005 20230824093239.8
041 0 |a slo 
044 |a SK 
245 1 0 |a Pozitívny vývoj v Bulharsku  |c Roman Guniš 
520 |a Hospodárske a politické zmeny v Bulharsku po r. 1989. Vývoj hrubého domáceho produktu, inflácie a nezamestnanosti. Stabilizácia v hospodárskej a menovej politike. Reformy v procese privatizácie. Rast súkromného sektora (1992 - prvý polrok 1997). 
610 2 0 |a situácia hospodárska 
610 2 0 |a Bulharsko 
610 2 0 |a politika fiškálna 
610 2 0 |a politika menová 
610 2 0 |a sektor súkromný 
610 2 0 |a privatizácia 
610 2 0 |a reformy 
610 2 0 |a produkt domáci hrubý 
610 2 0 |a inflácia 
610 2 0 |a nezamestnanosť 
610 2 0 |a ukazovatele ekonomické 
100 1 |a Guniš, Roman